Countries of North America in French - Statistics

General Stats
  • This quiz has been taken 58 times
  • The average score is 20 of 23
Answer Stats
Hint Answer % Correct
Antigua and Barbuda Antigua-et-Barbuda
97%
Belize Belize
97%
Canada Canada
97%
Cuba Cuba
97%
Bahamas Bahamas
94%
Costa Rica Costa Rica
94%
Haiti Haïti
94%
Honduras Honduras
94%
Nicaragua Nicaragua
94%
Panama Panama
94%
Dominica Dominique
92%
United States États-Unis
92%
Grenada Grenade
92%
Guatemala Guatemala
92%
Jamaica Jamaïque
89%
Mexico Mexique
89%
Saint Lucia Sainte-Lucie
83%
Barbados Barbade
81%
Saint Vincent and the Grenadines Saint-Vincent-et-les-Grenadines
81%
Dominican Republic République Dominicaine
72%
Trinidad and Tobago Trinité-et-Tobago
61%
Saint Kitts and Nevis Saint-Christophe-et-Niévès
56%
El Salvador Salvador
50%
No matching quizzes found
Score Distribution
Percent of People with Each Score
Percentile by Number Answered
Your Score History
You have not taken this quiz